书目信息 |
| 题名: |
高职院校顶岗实习质量管理探索与实践
|
|
| 作者: | 方法林 , 印伟 著 | |
| 分册: | ||
| 出版信息: | 北京 旅游教育出版社 2015.05 |
|
| 页数: | 262页 | |
| 开本: | 26cm | |
| 丛书名: | ||
| 单 册: | ||
| 中图分类: | G718.5 | |
| 科图分类: | ||
| 主题词: | 高等职业教育--教育实习--质量管理--研究 | |
| 电子资源: | ||
| ISBN: | 978-7-5637-3146-6 | |
| 000 | 01014nam0 2200253 450 | |
| 001 | 0120151567225 | |
| 005 | 20160512151044.76 | |
| 010 | @a978-7-5637-3146-6@dCNY48.00 | |
| 100 | @a20150602d2015 em y0chiy50 ea | |
| 101 | 0 | @achi |
| 102 | @aCN@b110000 | |
| 105 | @aak z 000yy | |
| 106 | @ar | |
| 200 | 1 | @a高职院校顶岗实习质量管理探索与实践@9gao zhi yuan xiao ding gang shi xi zhi liang guan li tan suo yu shi jian@f方法林,印伟著 |
| 210 | @a北京@c旅游教育出版社@d2015.05 | |
| 215 | @a262页@c图@d26cm | |
| 330 | @a本书主要内容包括:绪论;顶岗实习质量管理的理论基础与研究设计;样本院校的顶岗实习现状;高职院校顶岗实习时空二维的质量管理问题探究;基于时空二维视角的顶岗实习质量管理与控制原理;基于时间维度的顶岗实习质量控制的探索与实践等。 | |
| 333 | @a教育研究人员 | |
| 606 | 0 | @a高等职业教育@x教育实习@x质量管理@x研究 |
| 690 | @aG718.5@v5 | |
| 701 | 0 | @a方法林@9fang fa lin@f(1963-)@4著 |
| 701 | 0 | @a印伟@9yin wei@f(1977-)@4著 |
| 801 | 0 | @aCN@b人天书店@c20150602 |
| 905 | @b875536-41@dG718.5@e31@f6 | |
| 高职院校顶岗实习质量管理探索与实践/方法林,印伟著.-北京:旅游教育出版社,2015.05 |
| 262页:图;26cm |
| 使用对象:教育研究人员 |
| ISBN 978-7-5637-3146-6:CNY48.00 |
| 本书主要内容包括:绪论;顶岗实习质量管理的理论基础与研究设计;样本院校的顶岗实习现状;高职院校顶岗实习时空二维的质量管理问题探究;基于时空二维视角的顶岗实习质量管理与控制原理;基于时间维度的顶岗实习质量控制的探索与实践等。 |
| ● |
| 相关链接 |
|
|
|
|
正题名:高职院校顶岗实习质量管理探索与实践
索取号:G718.5/31
 
预约/预借
| 序号 | 登录号 | 条形码 | 馆藏地/架位号 | 状态 | 备注 |
| 1 | 875536 | 208755364 | 第一样本阅览室/ [索取号:G718.5/31] | 在馆 | |
| 2 | 875537 | 208755373 | 教育系资料室/ [索取号:G718.5/31] | 在馆 | |
| 3 | 875538 | 208755382 | 教育系资料室/ [索取号:G718.5/31] | 在馆 | |
| 4 | 875539 | 208755391 | 教育系资料室/ [索取号:G718.5/31] | 在馆 | |
| 5 | 875540 | 208755408 | 第四借阅区/ [索取号:G718.5/31] | 在馆 | |
| 6 | 875541 | 208755417 | 第四借阅区/ [索取号:G718.5/31] | 在馆 |